000 00736nam a2200217Ii 4500
003 JO-AjNU
008 230605s9999||||xx |||||||||||||| ||und||
017 _a1986/3387
020 _a977-11-0226-5
040 _aJO-AjNU
_bara
_erda
_cJO-AjNU
041 _aara
050 1 4 _aPJ7741.B5 1986
100 3 _aتأليف بيدبا؛ ترجمة عبدالله بن المقفع,
_eauthor
_912808
245 0 0 _aكتاب كليلة ودمنة
264 3 1 _aالقاهرة:مكتبة مصر،1986
300 _a253ص
336 _atext
_btxt
_2rdacontent
337 _aunmediated
_bn
_2rdamedia
338 _avolume
_bnc
_2rdacarrier
650 4 _a القصص الشعبية الهندية - إبن المقفع - كليلة ودمنة
_912809
999 _aA3023
_c6591
_d6591